| 000 | 00442nam a2200169 a 4500 | ||
|---|---|---|---|
| 005 | 20140310183258.0 | ||
| 008 | 011227s19uu xx 00 eng d | ||
| 020 | _a0140620214 | ||
| 050 |
_aPR 5684 _b.T847 1994 |
||
| 100 | _aTrollope, Anthony | ||
| 245 |
_aBarchester towers / _cAnthony Trollope. |
||
| 260 |
_aEngland : _bPenguin Books, _c1994. |
||
| 300 |
_a477 p. : _c18 cm. |
||
| 650 | _aFiction | ||
| 942 |
_cBK _2lcc |
||
| 999 |
_c20899 _d20899 |
||